• 首页
  • 本馆介绍
  • 公告通知
  • 最新文献
  • 馆藏检索
  • 电子资源
  • 读者导购
  • 参考咨询
  • 我的图书馆
  • 登录
  • 详细信息显示
  • 放入我的书架
  • 预约/预借图书
  • 作者相关作品
  • 分类相关作品
  • 丛书相关作品
  • 出版社相关作品

书目信息

  • 表格格式
  • 工作单格式
  • 卡片格式
题名:
中小学教师课堂用语手册
    
 
作者: 段火香 主编
分册:  
出版信息: 北京   外语教学与研究出版社  2003
页数: 页
开本: 20cm
丛书名:
单 册:
中图分类: G634.413 , G633.413
科图分类:
主题词: 英语--口语--中小学--教学参考资料 , 英语
电子资源:
ISBN: 7-5600-2730-X
000 00906nam0 2200241 450
005 20220930152054.39
010    @a7-5600-2730-X@dCNY8.90
100    @a20070731d2003 em y0chiy0120 ea
101 0  @achi
102    @aCN@b110000
105    @ay z 000yy
200 1  @a中小学教师课堂用语手册@AZhong Xiao Xue Jiao Shi Ke Tang Yong Yu Shou Ce@f段火香主编@FDuan Huo Xiang Zhu Bian
210    @a北京@c外语教学与研究出版社@d2003
215    @a页@c图@d20cm
330    @a本书分别由“日常交际用语”、“课堂常规用语”、“课堂过程用语”、“出国旅游和学习交流常用英语”、“常用英语语法术语”等七大部分组成,共收录各类常用语句约1000句。
510 1  @aEnglish Expressions for Teachers@zeng
606 0  @a英语@x口语@x中小学@j教学参考资料
606 0  @a英语
690    @aG634.413@v4
690    @aG633.413@v3
701  0 @a段火香@ADuan Huo Xiang@4主编
801  0 @aCN@bTAOJIN@c20071008
905    @a10447@dG633.413@e227
    
    中小学教师课堂用语手册/段火香主编.-北京:外语教学与研究出版社,2003
    页:图;20cm
    
    
    ISBN 7-5600-2730-X:CNY8.90
    本书分别由“日常交际用语”、“课堂常规用语”、“课堂过程用语”、“出国旅游和学习交流常用英语”、“常用英语语法术语”等七大部分组成,共收录各类常用语句约1000句。
●
相关链接 在E读中查询图书 在五车中查询图书 在当当中查询图书 在豆瓣中查询图书


正题名:中小学教师课堂用语手册     索取号:G633.413/227         预约/预借

序号 登录号 条形码 馆藏地/架位号 状态 备注
1 0828462   208284621   第一样本阅览室/ [索取号:G633.413/227] 在馆    
2 0828463   208284630   第四借阅区/ [索取号:G633.413/227] 在馆    
3 0828464   208284649   第四借阅区/ [索取号:G633.413/227] 在馆    
4 0828465   208284658   第四借阅区/ [索取号:G633.413/227] 在馆    
5 0828466   208284667   第四借阅区/ [索取号:G633.413/227] 在馆    
6 1056935   210569357   密集书库-文学院/ [索取号:G633.413/227] 在馆    
唐山师范学院图书馆 欢迎您!
大连网信软件有限公司© 版权所有